Wszyscy skoczkowie startujący w sezonie 2010/11 - Statystyki

Ogólne statystyki
  • Ten quiz został rozwiązany 18 razy
  • Średni wynik to 73 z 144
Statystyki odpowiedzi
Narodowość Skoczek % Poprawnych
Andreas Kofler
93%
Gregor Schlierenzauer
93%
Thomas Morgenstern
93%
Wolfgang Loitzl
93%
Francja Emmanuel Chedal
86%
Jakub Janda
86%
Martin Koch
86%
Michael Hayböck
86%
Vladimir Zografski
86%
Adam Małysz
79%
Jakub Kot
79%
Jan Matura
79%
Kamil Stoch
79%
Klemens Murańka
79%
Maciej Kot
79%
Michael Neumayer
79%
Piotr Żyła
79%
Richard Freitag
79%
Severin Freund
79%
Szwajcaria Simon Ammann
79%
Stefan Hayböck
79%
Norwegia Anders Bardal
71%
Anders Jacobsen
71%
Andreas Küttel
71%
Daiki Itō
71%
Finlandia Janne Ahonen
71%
Słowenia Jernej Damjan
71%
Kenshiro Itō
71%
Lukáš Hlava
71%
Manuel Fettner
71%
Polska Marcin Bachleda
71%
Martin Schmitt
71%
Matti Hautamäki
71%
Noriaki Kasai
71%
Peter Prevc
71%
Roman Koudelka
71%
Taku Takeuchi
71%
Vincent Descombes Sevoie
71%
Anders Fannemel
64%
Antonín Hájek
64%
Čestmír Kožíšek
64%
Dawid Kubacki
64%
Dmitriy Vassiliev
64%
Korea Płd. Hueng-chul Choi
64%
Kenneth Gangnes
64%
Krzysztof Miętus
64%
Kanada Mackenzie Boyd-Clowes
64%
Michael Uhrmann
64%
Robert Kranjec
64%
Sebastian Colloredo
64%
Stefan Hula
64%
Tom Hilde
64%
Andrea Morassi
57%
Andreas Stjernen
57%
Bjørn Einar Romøren
57%
Borek Sedlák
57%
Włochy Davide Bresadola
57%
Harri Olli
57%
Hyun-ki Kim
57%
Janne Happonen
57%
Jiří Mazoch
57%
Czechy Martin Cikl
57%
Radik Zhaparov
57%
Shōhei Tochimoto
57%
Słowacja Tomáš Zmoray
57%
Ville Larinto
57%
Denis Kornilov
50%
Diego Dellasega
50%
Dmitriy Ipatov
50%
Fumihisa Yumoto
50%
Jan Ziobro
50%
Japonia Kazuyoshi Funaki
50%
Konstantin Sokolenko
50%
Manuel Poppinger
50%
Marinus Kraus
50%
Maximilian Mechler
50%
Nicolas Mayer
50%
Ondřej Vaculík
50%
Pavel Karelin
50%
Rafał Śliż
50%
Roberto Dellasega
50%
Rune Velta
50%
Austria Thomas Diethart
50%
Tomasz Byrt
50%
Yūta Watase
50%
Alexey Korolev
43%
Andreas Wank
43%
Anssi Koivuranta
43%
Ilya Rosliakov
43%
Jurij Tepeš
43%
Kazuya Yoshioka
43%
Kim René Elverum Sorsell
43%
Mario Innauer
43%
Ole Marius Ingvaldsen
43%
Niemcy Pascal Bodmer
43%
Primož Pikl
43%
Siim-Tanel Sammelselg
43%
Stefan Thurnbichler
43%
Stephan Hocke
43%
Andrzej Zapotoczny
36%
Hiroki Yamada
36%
Estonia Illimar Pärn
36%
Kazachstan Ivan Karaulov
36%
Jarkko Määttä
36%
Kalle Keituri
36%
Marco Grigoli
36%
Mitja Mežnar
36%
Olli Muotka
36%
Roman Sergeevich Trofimov
36%
Sami Niemi
36%
Tomaž Naglić
36%
Vitaliy Shumbarets
36%
Bułgaria Bogumil Pavlov
29%
Carl Nordin
29%
Daniel Wenig
29%
Danny Queck
29%
Felix Schoft
29%
Johan Remen Evensen
29%
Matjaž Pungertar
29%
Oleksandr Lazarovych
29%
USA Peter Frenette
29%
Vegard Haukø Sklett
29%
Vegard Swensen
29%
Ukraina Volodymyr Boschuk
29%
Yevgeniy Levkin
29%
Christopher Lamb
21%
Dejan Judež
21%
Szwecja Fredrik Balkåsen
21%
Juha-Matti Ruuskanen
21%
Julian Musiol
21%
Kai Kovaljeff
21%
Nikolay Karpenko
21%
Stanislav Oshchepkov
21%
Yukon De Leeuw
21%
Andreas Strolz
14%
Asan Tachtachunov
7%
Atle Pedersen Rønsen
7%
Christian Ulmer
7%
Rosja Georgiy Chervakov
7%
Matej Dobovšek
7%
Rok Zima
7%
Matic Kramaršič
0%
Rémi Français
0%
Tarō Takayanagi
0%
Nie znaleziono quizów pasujących do podanych kryteriów
Rozkład punktacji
Procent ludzi z każdym wynikiem
Percentyl według liczby udzielonych odpowiedzi
Twoja historia wyników
Nie rozwiązałeś tego quizu